LIBRARY & INFORMATION CENTRE, KCAET, TAVANUR

ONLINE PUBLIC ACCESS CATALOGUE (OPAC)

Designing for total quality in health care / (Record no. 11315)

MARC details
000 -LEADER
fixed length control field 00462cam a2200181ua 4500
020 ## - INTERNATIONAL STANDARD BOOK NUMBER
ISBN 81-7286-235-0
041 ## - LANGUAGE CODE
Language code of text/sound track or separate title eng
082 ## - DEWEY DECIMAL CLASSIFICATION NUMBER
Classification number 725.5
Item number KUN/DE
100 ## - MAIN ENTRY--AUTHOR NAME
Personal name Kunders, G D .
245 ## - TITLE STATEMENT
Title Designing for total quality in health care /
260 ## - PUBLICATION, DISTRIBUTION, ETC. (IMPRINT)
Place of publication Bangalore :
Name of publisher Prism Books ,
Year of publication 2002.
300 ## - PHYSICAL DESCRIPTION
Number of Pages 470 ; .
500 ## - GENERAL NOTE
General note *CSS
942 ## - ADDED ENTRY ELEMENTS (KOHA)
Koha item type Books
Holdings
Withdrawn status Lost status Damaged status Home library Current library Shelving location Date acquired Full call number Accession Number Koha item type
      KAUAET KAUAET Scheme 17/09/2018 725.5 KUN/DE 20794 Book Bank scheme for SC students
free website counter